000 00633nam a2200265Ia 4500
003 IT-RoPAU
005 20220918175838.0
008 120407s9999 xx 000 0 und d
040 _aIT-RoPAU
040 _cIT-RoPAU
041 _aita
100 _aErnest L. Rossi
_936089
100 _ccoll.
_946
245 _aL’esperienza dell’ipnosi. Approcci terapeutici agli stati alterati
250 _aRoma
260 _aAstrolabio
260 _c1984
300 _a336 p.
300 _c21 cm
490 _aPsiche e coscienza
490 _v1
700 _aMilton H. Erickson
_936090
942 _cBK
_2ddc
999 _c32899
_d32899